000 00810nas a2200253 454500
001 36989
005 20260407193509.0
008 260407s1990####ag###########|||spa#d
003 AR-UNSa-BCEJYS
040 _aAR-UNSa-BCEJYS
_bspa
_cAR-UNSa-BCEJYS
080 _a94(51)
_xHistoria de China
245 1 0 _aEstudios y publicaciones
_prevista de estudios chinos y asuntos internacionales
022 _a1013-2503
264 1 _aTaipei :
_bInstituto de Relaciones Internacionales
_c1990
310 _aFrecuencia: Irregular
041 _aspa
942 _cSER
590 _aniveau_biblio:s niveau_hierar:1
100 1 _aLin, Bih-jaw
650 _aRelaciones internacionales
650 _aChina
650 _aPolĂ­tica
856 4 1 _uhttps://170.210.207.44/pmb/images/revistas/R19211.jpg
_yImagen de portada
_qimage/jpeg
999 _c8800
_d8800